=LDR 00000nam 2200000 4500 =001 INLIS000000000023464 =005 20250527105235 =035 ##$$a 0010-061300000023464 =008 250527###########################0#ind## =041 ##$$a Ind =082 ##$$a 354 =090 ##$$a 354, Wij o =100 ##$$a Widjaja, HAW =245 1#$$a Otonomi desa merupakan otonomi yang asli, bulat dan utuh, /$c HAW. Widjaja =260 ##$$a Jakarta :$b Raja Grafindo Persada,$c 2004 =300 ##$$a xxi,308 hlm. : $b ilus. ; $c 21 cm =650 #4$$a Pemeritahan desa =850 ##$$a NBPNMAT =020 ##$$a 979-421-974-6 =084 ##$$a 354 WID o =250 ##$$a Cet. 2 =990 ##$$a 11591159